[Event "Challenge"]
[Site "http://www.queenalice.com/game.php?id=155944"]
[Date "2007.1.19"]
[Round "-"]
[White "flu"]
[Black "taetschgring"]
[Result "0-1"]
[WhiteElo "1430"]
[BlackElo "1279"]

1. d4 e6 2. Nf3 Nc6 3. e4 d5 4. exd5 exd5 5. Bb5 a6 6. Bd3 Nf6 7. Bg5 h6 8. Bh4
g5 9. Bg3 g4 10. Ne5 h5 11. Nc3 Nxd4 12. Nxd5 Qxd5 13. O-O b5 14. Re1 Be7 15.
Bg6 fxg6 16. Nxg6 Bb7 17. Nf4 Qc5 18. Bh4 Rh6 19. Ne6 Qc6 20. Qxd4 Qxg2# 0-1

[Event "Challenge"]
[Site "http://www.queenalice.com/game.php?id=159461"]
[Date "2007.1.26"]
[Round "-"]
[White "flu"]
[Black "TinyDemons"]
[Result "1-0"]
[WhiteElo "1378"]
[BlackElo "1720"]

1. e4 e5 2. Bc4 Nf6 3. d4 Nxe4 4. dxe5 Nxf2 5. Qf3 f6 6. Qxf2 Qe7 7. Nh3 Qb4+ 8.
Nd2 Qe7 9. Qf5 Qxe5+ 10. Qe4 Qxe4+ 11. Nxe4 Nc6 12. Bf4 d6 13. O-O-O b6 14. Rhe1
Be7 15. Nxd6+ cxd6 16. Bd5 Bb7 17. Bxd6 Ne5 18. Bxb7 Rd8 19. Bxe5 fxe5 20. Bc6+
Kf7 21. Rxe5 Rxd1+ 22. Kxd1 h6 23. a4 Kf6 24. Re4 Rd8+ 25. Ke2 g5 26. c3 Bd6 27.
g3 Kf5 28. Re8 Rxe8+ 29. Bxe8 Ke4 30. Nf2+ Kf5 31. b4 Be5 32. Nd1 a5 33. Ne3+
Ke6 34. bxa5 bxa5 35. Kd3 Ke7 36. Nc4 Bc7 37. Bc6 Kf6 38. Kd4 Bd8 39. Kc5 Kf5
40. Kb5 Kg4 41. Bg2 Bf6 42. Ne3+ Kh5 43. c4 Bd4 44. g4+ Kg6 45. Be4+ Kf6 46.
Nd5+ Ke5 47. Bf3 Bg1 48. h3 Bf2 49. Kxa5 Kd6 50. Kb5 Ba7 51. Nb6 Kc7 52. a5 1-0

[Event "Challenge"]
[Site "http://www.queenalice.com/game.php?id=160363"]
[Date "2007.1.29"]
[Round "-"]
[White "flu"]
[Black "marcao"]
[Result "0-1"]
[WhiteElo "1427"]
[BlackElo "1480"]

1. Nc3 e5 2. e4 Nc6 3. Bc4 Nf6 4. Nf3 a6 5. d4 b5 6. dxe5 bxc4 7. exf6 Qxf6 8.
Nd5 Qd6 9. Ng5 h6 10. Nf3 Nb4 11. Nxb4 Qxb4+ 12. c3 Qb5 13. Bf4 Qxb2 14. Ne5
Qxc3+ 15. Ke2 Bd6 16. Qd5 Qb2+ 17. Bd2 Qxe5 18. Qxa8 O-O 19. Rab1 c6 20. f4 Qh5+
21. Kf2 f6 22. Bb4 c5 23. e5 fxe5 24. Bxc5 Bxc5+ 25. Kg3 Qg6+ 26. Kf3 Rxf4+ 27.
Ke2 Qd3+ 0-1

[Event "Challenge"]
[Site "http://www.queenalice.com/game.php?id=162167"]
[Date "2007.2.1"]
[Round "-"]
[White "Chazam"]
[Black "flu"]
[Result "0-1"]
[WhiteElo "1445"]
[BlackElo "1327"]

1. f4 d5 2. Nf3 g6 3. Nc3 Bg7 4. e4 d4 5. Nxd4 Bxd4 6. Bd3 Nh6 7. Ne2 Bg4 8. c3
Bf2+ 9. Kxf2 Qxd3 10. h3 Be6 11. Ng3 f5 12. Qf1 fxe4 13. Qxd3 exd3 14. Re1 Bf5
15. Nxf5 Nxf5 16. g4 Nh4 17. Kg3 Rf8 18. Rf1 g5 19. Rf2 Nd7 20. fxg5 Rxf2 21.
Kxf2 O-O-O 22. Ke3 Ne5 23. b3 Nef3 24. Rb1 Ng1 25. Ba3 Nxh3 26. Bxe7 Re8 27. Rh1
Rxe7+ 28. Kxd3 Rd7+ 29. Kc2 Nxg5 30. Rxh4 Nf3 31. Rh5 Rxd2+ 32. Kb1 Rh2 33. Rf5
Nd2+ 34. Kb2 Rg2 35. g5 Ne4+ 36. Ka3 Rxg5 37. Rf8+ Kd7 38. Rf7+ Kc6 39. Rxh7
Nxc3 40. Rh6+ Kc5 41. b4+ Kc4 42. Rh4+ Kb5 43. Rh7 Rg3 44. Rxc7 Nd5+ 45. Kb2
Nxc7 46. a3 Kc4 47. Ka2 Rg2+ 48. Kb1 Kc3 49. Kc1 Rg1# 0-1

[Event "Let's Play Chess!"]
[Site "http://www.queenalice.com/game.php?id=165093"]
[Date "2007.2.8"]
[Round "-"]
[White "testplayer"]
[Black "flu"]
[Result "0-1"]
[WhiteElo "1199"]
[BlackElo "1406"]

1. d4 g6 2. c4 Bg7 3. Nc3 c6 4. e4 Nf6 5. Be2 d5 6. e5 Ne4 7. Nxe4 dxe4 8. Qc2
Qxd4 9. Be3 Qxe5 10. Rd1 O-O 11. Bd4 Qa5+ 12. Bc3 Qxa2 13. Bxg7 Kxg7 14. Qxe4 e6
15. Nf3 Qxb2 16. O-O Nd7 17. h4 b5 18. Nh2 b4 19. Rb1 Nc5 20. Qxc6 Qxe2 21. Qxa8
Bb7 22. Qxa7 Qe4 23. Qxc5 Qxg2# 0-1

[Event "Let's Play Chess!"]
[Site "http://www.queenalice.com/game.php?id=165835"]
[Date "2007.2.9"]
[Round "-"]
[White "Germano"]
[Black "flu"]
[Result "1-0"]
[WhiteElo "1818"]
[BlackElo "1445"]

1. e4 c6 2. d4 d5 3. Nc3 Nf6 4. e5 Ne4 5. Nf3 Bg4 6. Bd3 Nxc3 7. bxc3 e6 8. Rb1
Qd7 9. h3 Bh5 10. Bg5 Be7 11. Bxe7 Qxe7 12. g4 Bg6 13. c4 Na6 14. cxd5 exd5 15.
Bxa6 bxa6 16. Rb3 O-O 17. O-O c5 18. dxc5 Qxc5 19. Nd4 Rab8 20. Qd2 Rxb3 21.
axb3 Re8 22. f4 Be4 23. Ra1 Bxc2 24. Rc1 1-0

[Event "Let's Play Chess!"]
[Site "http://www.queenalice.com/game.php?id=166914"]
[Date "2007.2.11"]
[Round "-"]
[White "ajadrez_ce"]
[Black "flu"]
[Result "0-1"]
[WhiteElo "1100"]
[BlackElo "1418"]

1. e4 e5 2. Nf3 Nf6 3. Nxe5 Nxe4 4. Qe2 Qe7 5. Qxe4 d6 6. d4 dxe5 7. Qxe5 Nc6 8.
Qxe7+ Bxe7 9. Bb5 Bd7 10. Be3 Nb4 11. Bxd7+ Kxd7 12. Kd2 Rad8 13. c3 Nd5 14. Re1
Nb4 15. cxb4 Bxb4+ 16. Nc3 Rhe8 17. a3 Bd6 18. Bg5 Be7 0-1

[Event "Let's Play Chess!"]
[Site "http://www.queenalice.com/game.php?id=167030"]
[Date "2007.2.11"]
[Round "-"]
[White "flu"]
[Black "dtrainey"]
[Result "0-1"]
[WhiteElo "1430"]
[BlackElo "1467"]

1. d4 d5 2. c4 dxc4 3. e4 e5 4. d5 b5 5. Nf3 Bg4 6. Be2 Qf6 7. Nc3 h6 8. Nxb5
Qd8 9. Nxe5 Bxe2 10. Qxe2 c6 11. Nxc6 Nxc6 12. dxc6 Qa5+ 13. Nc3 Bb4 14. Qxc4
Ne7 15. O-O O-O 16. a3 Rac8 17. Qb5 Nxc6 18. Qxa5 Bxa5 19. Nb5 Rfd8 20. Be3 Rd7
21. Rac1 a6 22. Na7 Nxa7 23. Bxa7 Rxc1 24. Rxc1 Rxa7 25. Rc8+ Kh7 26. f4 Rc7 27.
Rxc7 Bxc7 28. b4 Bxf4 29. a4 g5 30. g3 Bd2 31. b5 axb5 32. axb5 Kg6 33. Kf2 Bb4
34. Kf3 Bc5 35. Kg4 h5+ 36. Kf3 Kf6 37. g4 h4 38. Ke2 Ke5 39. Kd3 h3 40. Kc4 Bb6
0-1

[Event "AUTO-INT-343"]
[Site "http://www.queenalice.com/game.php?id=167045"]
[Date "2007.2.11"]
[Round "1"]
[White "sshspooky"]
[Black "flu"]
[Result "0-1"]
[WhiteElo "1537"]
[BlackElo "1409"]

1. e3 d5 2. d4 Nf6 3. c4 c5 4. dxc5 e5 5. Nc3 Bxc5 6. cxd5 Bb4 7. a3 Bxc3+ 8.
bxc3 Nxd5 9. Qa4+ Bd7 10. Qa5 Qxa5 11. Bd2 Bb5 12. Bxb5+ Qxb5 13. a4 Qb2 14. Rd1
Nxc3 15. Rc1 Ne4 16. Nf3 Nxd2 17. Rc8+ Kd7 18. Rxh8 Qc1+ 19. Ke2 Qxh1 20. Nxe5+
Ke7 21. Kxd2 Qxh2 22. f4 Qxg2+ 23. Kd3 b6 24. Rxh7 Nc6 25. Nxc6+ Qxc6 26. Rxg7
Rd8+ 27. Ke2 Qxa4 28. Kf3 Rd3 29. Rg2 Qc6+ 30. Kg3 Qxg2+ 31. Kxg2 Rxe3 32. Kf2
Ra3 33. Ke2 Kd6 34. Kd2 Kc5 35. Ke2 Kd4 0-1

[Event "AUTO-INT-343"]
[Site "http://www.queenalice.com/game.php?id=167046"]
[Date "2007.2.11"]
[Round "1"]
[White "flu"]
[Black "sshspooky"]
[Result "0-1"]
[WhiteElo "1430"]
[BlackElo "1576"]

1. e4 e5 2. Nf3 Nc6 3. d4 Qf6 4. Bc4 Nxd4 5. Nxd4 exd4 6. Qh5 Bb4+ 7. Bd2 a5 8.
e5 Qg6 9. Qxg6 hxg6 10. O-O d6 11. Re1 dxe5 12. Rxe5+ Ne7 13. Bxb4 axb4 14. a3
c6 15. axb4 Rxa1 16. Ra5 Rxb1+ 17. Bf1 Rh5 18. Rxh5 gxh5 0-1

[Event "AUTO-INT-343"]
[Site "http://www.queenalice.com/game.php?id=167059"]
[Date "2007.2.11"]
[Round "1"]
[White "jfkarlsson"]
[Black "flu"]
[Result "0-1"]
[WhiteElo "1300"]
[BlackElo "1397"]

1. e4 c6 2. Qe2 Nf6 3. d3 d5 4. Nc3 d4 5. e5 Nd5 6. Nxd5 Qxd5 7. Bf4 g6 8. Nh3
Nd7 9. O-O-O Qxa2 10. Qe4 Qa1+ 11. Kd2 Qxb2 12. Be2 e6 13. Rb1 Bb4+ 14. Kd1
Qxb1+ 15. Bc1 Nc5 16. Qxd4 Nb3 17. cxb3 Qxb3# 0-1

[Event "AUTO-INT-343"]
[Site "http://www.queenalice.com/game.php?id=167060"]
[Date "2007.2.11"]
[Round "1"]
[White "flu"]
[Black "jfkarlsson"]
[Result "0-1"]
[WhiteElo "1430"]
[BlackElo "1306"]

1. d4 e6 2. e4 Qe7 3. Nf3 d5 4. Nc3 Nc6 5. exd5 exd5+ 6. Ne5 Nxe5 7. Nxd5 Nd3+
8. Kd2 Qg5+ 9. Ne3 Nxf2 10. Qf3 Nxh1 11. Bc4 Qf6 12. Nd5 Qxd4+ 13. Ke2 Qxc4+ 14.
Ke1 Be6 15. Qe3 Qxd5 16. Qg1 O-O-O 17. Qxh1 Qd1+ 0-1

[Event "AUTO-INT-343"]
[Site "http://www.queenalice.com/game.php?id=167067"]
[Date "2007.2.11"]
[Round "1"]
[White "jocker_1"]
[Black "flu"]
[Result "0-1"]
[WhiteElo "1550"]
[BlackElo "1417"]

1. d4 Nc6 2. c4 e5 3. d5 Nd4 4. Nf3 Nxf3+ 5. exf3 b6 6. Bd3 Ba6 7. O-O Qf6 8. b3
Bd6 9. Bb2 Qh6 10. Bc1 Qh5 11. f4 Qxd1 12. Rxd1 Nf6 13. fxe5 Bxe5 14. Re1 Ng4
15. f3 O-O 16. Rxe5 Nxe5 17. Be4 c6 18. Bb2 cxd5 19. Bxd5 Rae8 20. Ba3 Nd3 21.
Bxf8 Re1# 0-1

[Event "AUTO-INT-343"]
[Site "http://www.queenalice.com/game.php?id=167068"]
[Date "2007.2.11"]
[Round "1"]
[White "flu"]
[Black "jocker_1"]
[Result "0-1"]
[WhiteElo "1444"]
[BlackElo "1550"]

1. e4 e5 2. Nf3 Nc6 3. Bc4 d6 4. O-O Bg4 5. c3 Nf6 6. d3 Be7 7. d4 Nxe4 8. h3
O-O 9. hxg4 a6 10. Nbd2 exd4 11. Nxe4 Bf6 12. g5 Be5 13. Nxe5 Nxe5 14. Bb3 d5
15. Qxd4 c6 16. Qxe5 dxe4 17. Bc2 Re8 18. Qd4 Qe7 19. Re1 Rad8 20. Qe3 Rd5 21.
Bxe4 Re5 22. Qh3 Rxe4 23. Bd2 Re2 24. Kf1 Qe4 25. f3 Qd3 26. Rxe2 Qxe2+ 27. Kg1
Qxd2 28. Re1 Rxe1+ 29. Kh2 Qf4+ 30. g3 Re2+ 31. Kg1 Qc1+ 32. Qf1 Re1 0-1

[Event "AUTO-BEG-60"]
[Site "http://www.queenalice.com/game.php?id=184037"]
[Date "2007.3.18"]
[Round "2"]
[White "flu"]
[Black "nandolessa"]
[Result "0-1"]
[WhiteElo "1412"]
[BlackElo "1748"]

1. e4 e5 2. Bc4 Nf6 3. Nc3 Bb4 4. Nf3 Nc6 5. O-O O-O 6. d4 d6 7. Bg5 h6 8. d5
Na5 9. Bxf6 Qxf6 10. Bd3 Bg4 11. Nb5 Bxf3 12. Qxf3 Qxf3 0-1

[Event "AUTO-BEG-60"]
[Site "http://www.queenalice.com/game.php?id=184038"]
[Date "2007.3.18"]
[Round "2"]
[White "nandolessa"]
[Black "flu"]
[Result "1-0"]
[WhiteElo "1745"]
[BlackElo "1415"]

1. e4 c6 2. Nf3 Nf6 3. Nc3 d5 4. d3 Bg4 5. h3 Bxf3 6. Qxf3 e6 7. Bg5 Be7 8. Be2
O-O 9. O-O Nfd7 10. Bxe7 Qxe7 11. d4 c5 12. exd5 cxd4 13. dxe6 1-0